header

Secrecy and science (Record no. 235772)

MARC details
000 -LEADER
fixed length control field 01511nam a2200361 a 4500
082 04 - DEWEY DECIMAL CLASSIFICATION NUMBER
Classification number 358/.34072041
100 1# - MAIN ENTRY--AUTHOR NAME
Personal name Balmer, Brian,
245 10 - TITLE STATEMENT
Title Secrecy and science
260 ## - PUBLICATION, DISTRIBUTION, ETC. (IMPRINT)
Place of publication Burlington, Vt. :
Name of publisher Ashgate Pub. Co.,
Year of publication c2012.
300 ## - PHYSICAL DESCRIPTION
Number of Pages xiii, 168 p.
650 #0 - SUBJECT ADDED ENTRY--TOPICAL TERM
Topical Term Biological warfare
Topical Term Chemical warfare
Topical Term Official secrets
Topical Term Military research
856 40 - ELECTRONIC LOCATION AND ACCESS
Uniform Resource Identifier http://site.ebrary.com/lib/rucke/Doc?id=10534194

No items available.

© 2026 Rongo University
Contact us: librarian | system librarian | Rongo university